00581nam a2200229Ia 450000500170000000800460001702000180006303700100008104000080009104000080009904000080010704100080011504100080012308400080013110000250013924500740016426000220023826000220026026000090028265000120029185600480030320260121124820.0008 260114s9999 xx 000 0 eng d a9780674736269 aEBOOK aCRL beng cCRL 2eng aeng qCRL aWilkinson, Steven I. 0aArmy and Nation: The Military and Indian Democracy since Independence bWalter de Gruyter bWalter de Gruyter c2015 aHistory uhttp://www.degruyter.com/isbn/9780674736269